Sách học tiếng Anh Tập 1
Một số khái niệm cơ bản về ngữ âm tiềng Anh..., Ngữ pháp
שמור ב:
| מחבר ראשי: | |
|---|---|
| מחברים אחרים: | |
| פורמט: | ספר |
| שפה: | Vietnamese |
| יצא לאור: |
H.
Đại học và trung học chuyên nghiệp
1983
|
| מהדורה: | In lần thứ 3 |
| נושאים: | |
| תגים: |
הוספת תג
אין תגיות, היה/י הראשונ/ה לתייג את הרשומה!
|
| Thư viện lưu trữ: | Mạng thư viện Đại học Đà Nẵng |
|---|
| LEADER | 01271nam a2200373 4500 | ||
|---|---|---|---|
| 001 | 000009740 | ||
| 003 | 5938 | ||
| 005 | 20111102071114.0 | ||
| 008 | 111102s1983 viesd | ||
| 020 | |c 23đ | ||
| 041 | 0 | |a vie | |
| 082 | |a 428 |b PH-T | ||
| 100 | 0 | |a Phạm Duy Trọng | |
| 245 | 1 | 0 | |a Sách học tiếng Anh |c Phạm Duy Trọng, Nguyễn Đình Minh |n Tập 1 |
| 250 | |a In lần thứ 3 | ||
| 260 | |a H. |b Đại học và trung học chuyên nghiệp |c 1983 | ||
| 300 | |a 547tr |c 19cm | ||
| 504 | |a Mục lục tr542 | ||
| 520 | |a Một số khái niệm cơ bản về ngữ âm tiềng Anh..., Ngữ pháp | ||
| 653 | |a Sách học | ||
| 653 | |a Tiếng Anh | ||
| 700 | |a Nguyễn Đình Minh |e Tác giả | ||
| 773 | |t Sách học tiếng Anh |w 5937 | ||
| 910 | |a Thương |d 2/11/2011 | ||
| OWN | |a LSP | ||
| AVA | |a UDN50 |b LSP |d 428 PH-T |e unavailable |t Error 5002 Not defined in file expand_doc_bib_avail. |f 1 |g 1 |h N |i 0 |k 1 | ||
| 999 | |a From the UDN01 | ||
| AVA | |a UDN50 |b LSP |d 428 PH-T |e unavailable |t Error 5002 Not defined in file expand_doc_bib_avail. |f 1 |g 1 |h N |i 0 |k 1 | ||
| TYP | |a Monograph | ||
| TYP | |a Printed language | ||
| 980 | |a Mạng thư viện Đại học Đà Nẵng | ||